Statistics for Mal's 20 Capitals Closest to the Equator

Click here to take the quiz!

General Stats

  • This quiz has been taken 65 times
  • The average score is 13 of 20

Answer Stats

Hint Answer % Correct
S.America (E) 0.15'Quito
98%
Africa (U) 0.19'Kampala
88%
Africa (K) 1.17'Nairobi
86%
Asia (S) 1.14'Singapore
81%
Africa (R) 1.57'Kigali
75%
S. America (C) 4.36'Bogota
74%
Asia (M) 3.09'Kuala Lumpur
74%
Africa (G) 0.23'Libreville
70%
Oceania (N) 0.33'Yaren
63%
Africa (S) 2.02'Mogadishu
61%
Africa (S) 0.20'Sao Tome
61%
Africa (B) 3.23'Bujumbura
60%
Africa (D) 4.20'Kinshasa
58%
Oceania (K) 1.26'South Tarawa
56%
Africa (R) 4.16'Brazzaville
56%
Africa (E) 3.45'Malabo
51%
Asia (M) 4.11'Male
49%
Africa (C) 3.52'Yaounde
47%
Africa (C) 4.22'Bangui
44%
Africa (S) 4.37'Victoria
30%

Score Distribution

Percentile by Number Answered

Percent of People with Each Score

Your Score History

You have not taken this quiz